| 000 | 01330cam a22003737a 4500 | ||
|---|---|---|---|
| 003 | CHAP | ||
| 005 | 20220329142517.0 | ||
| 008 | 010820d1987 mx d r 00110 spa d | ||
| 010 | _a84479 | ||
| 011 | _a85451 | ||
| 035 | _a95984 | ||
| 040 | _cCHAP | ||
| 090 | _aFolleto 16319 | ||
| 100 | 0 | 0 |
_aPérez Luna, Eunice. _989812 |
| 245 | 1 | 0 |
_aComprensión de palabras técnicas por ejidatarios del municipio de Cotaxtla, Estado de Veracruz _c/por Eunice Pérez Luna |
| 260 |
_aChapingo, Méx. : _bINIA. Campo Agrícola Experimental Cotaxtla _c1987 |
||
| 300 |
_a86 p. : _bcuadros ; diagrama |
||
| 410 | 2 | 1 | _aINIA. CAECOT |
| 490 | 0 |
_aFolleto de investigación _vNúm. 69 |
|
| 590 |
_aBATCH-UPD _b10 _c20130110 _lUCH01 _h0437 |
||
| 590 |
_aBATCH-UPD _b10 _c20130110 _lUCH01 _h2239 |
||
| 590 |
_aBATCH-UPD _b10 _c20130410 _lUCH01 _h1533 |
||
| 590 |
_aBATCH-UPD _b10 _c20130914 _lUCH01 _h0829 |
||
| 590 |
_aCONVERSION _b10 _c20130109 _lUCH01 _h1347 |
||
| 650 | 1 | 4 |
_aCampesinado. _917993 |
| 650 | 1 | 4 |
_aEjido Cotaxtla, Ver. _935859 |
| 810 | 0 | 0 |
_aINIA. CAECOT _958418 |
| 830 | 0 |
_aFolleto de investigación _vNúm. 69 _942039 |
|
| 901 | _aBK | ||
| 905 | _aMarco A. Mendoza T. | ||
| 942 | _cFOLL | ||
| 949 |
_aFolleto 16319 _bBC _cFOLL _d33724002016090 _eTS1 _i95984 _sb |
||
| 949 |
_aFolleto 16319 _bBC _cFOLL _d959842 _eTS2 _fc.2 _gDonaciØn _i95984 _sb |
||
| 999 |
_c84479 _d84479 |
||